| 000 | 00558nam a22002171a 4500 | ||
|---|---|---|---|
| 001 | 7522 | ||
| 003 | OSt | ||
| 005 | 20260204212134.0 | ||
| 008 | 071204s2005||||mx ||||||b||||||||||spa|| | ||
| 020 | _a9101049608 | ||
| 050 | _a658 B317a | ||
| 100 | _aBateman, Thomas S. | ||
| 245 | _aAdministración: un nuevo panorama competitivo / Thomas S. Bateman y Scott Asnell | ||
| 250 | _a6 | ||
| 264 | _aMéxico : McGraw-Hill | ||
| 300 | _a585 p | ||
| 500 | _aIncluye indice y CD | ||
| 650 | _aAdministración | ||
| 700 | _aSnell, Scott A.Ì | ||
| 942 |
_2ddc _cBK |
||
| 999 |
_c7522 _d7522 |
||